000 00286nam a2200121Ia 4500
008 190216s9999||||xx |||||||||||||| ||und||
100 _aNull
245 0 _aHindi-Hindi Sikshana Aur Basha Vishleshan
260 _bPoorna Pubs Kozhikode
300 _a192
650 _aHindi
942 _cBK
999 _c15915
_d15915